000 00569nam a2200145 a 4500
001 000038506
005 20201002031300.0
008 130412s2012 dr ad 000 0 spa d
040 _aDO-SdBNP
_bspa
_cBNPHU
100 1 _aSánchez Pérez, Manuel de Jesús
_964858
245 1 0 _aConstitución dominicana y dignidad humana :
_bsu impacto en los derechos fundamentales /
_cManuel de Jesús Pérez Sánchez.
260 _aSanto Domingo :
_bInstituto de capacitación Legal,
_c2012.
300 _a159 p. :
_bil., gráfs. ;
_c23 cm.
500 _aIncluye notas al pie de las páginas
999 _c37996
_d37996